000
00308nam a2200109Ia 4500
008
200302s9999 xx 000 0 und d
100
_a
Pyo mi Young
245
_a
Advanced Interior Design 1 Commercial Retail/Restaurant/Designers' Story
260
_b
Damidi Publishing Co.,
260
_c
2009
300
_a
367 P.,
999
_c
3151
_d
3151